تراث عباس محمود العقاد : (رقم التسجيلة. 180412)
[ عرض عادي ]
| 000 -LEADER | |
|---|---|
| fixed length control field | 01830namaa2200397 i 4500 |
| 003 - CONTROL NUMBER IDENTIFIER | |
| control field | EG-GICUC |
| 005 - DATE AND TIME OF LATEST TRANSACTION | |
| control field | 20260608110134.0 |
| 008 - FIXED-LENGTH DATA ELEMENTS--GENERAL INFORMATION | |
| fixed length control field | 260608m20149999ua ||||gr|||| 000 0 ara d |
| 017 ## - COPYRIGHT OR LEGAL DEPOSIT NUMBER | |
| Copyright or legal deposit number | 2014 / 11912 |
| Assigning agency | دار الكتب والوثائق القومية(مصر) |
| 020 ## - INTERNATIONAL STANDARD BOOK NUMBER | |
| International Standard Book Number | 9789771810773 |
| 020 ## - INTERNATIONAL STANDARD BOOK NUMBER | |
| International Standard Book Number | 9771810774 |
| 040 ## - CATALOGING SOURCE | |
| Original cataloging agency | EG-GiCUC |
| Language of cataloging | ara |
| Transcribing agency | EG-GiCUC |
| Modifying agency | EG-GiCUC |
| Description conventions | rda |
| 043 ## - GEOGRAPHIC AREA CODE | |
| Geographic area code | f-ua--- |
| 082 04 - DEWEY DECIMAL CLASSIFICATION NUMBER | |
| Edition number | 21 |
| Classification number | 810.9962 |
| Item number | A655 |
| 092 04 - LOCALLY ASSIGNED DEWEY CALL NUMBER (OCLC) | |
| Edition number | 21 |
| Classification number | 810.9962 |
| Item number | A655 |
| 099 ## - LOCAL FREE-TEXT CALL NUMBER (OCLC) | |
| Classification number | 810.9962 A655 |
| 100 1# - MAIN ENTRY--PERSONAL NAME | |
| Personal name | العقاد، عباس محمود، |
| Dates associated with a name | 1889-1964 |
| Relator term | مؤلف. |
| 245 10 - TITLE STATEMENT | |
| Title | تراث عباس محمود العقاد : |
| Remainder of title | المقالات الصحفية / |
| Statement of responsibility, etc. | اشراف ودراسة د. محمد صابر عرب ؛ جمع وتحرير عبد المنعم محمد سعيد. |
| 246 30 - VARYING FORM OF TITLE | |
| Title proper/short title | عباس محمود العقاد |
| 264 ## - PRODUCTION, PUBLICATION, DISTRIBUTION, MANUFACTURE, AND COPYRIGHT NOTICE | |
| Place of production, publication, distribution, manufacture | القاهرة : |
| Name of producer, publisher, distributor, manufacturer | دار الكتب والوثائق القومية، الإدارة المركزية للمراكز العلمية، مركز تاريخ مصر المعاصر، |
| Date of production, publication, distribution, manufacture, or copyright notice | 2014- |
| 300 ## - PHYSICAL DESCRIPTION | |
| Extent | مجلدات ؛ |
| Dimensions | 29 سم |
| 336 ## - CONTENT TYPE | |
| Source | rdacontent |
| Content type term | text |
| 337 ## - MEDIA TYPE | |
| Source | rdamedia |
| Media type term | Unmediated |
| 338 ## - CARRIER TYPE | |
| Source | rdacarrier |
| Carrier type term | volume |
| 500 ## - GENERAL NOTE | |
| General note | المكتبة تقتني الجزء الاول فقط. |
| 504 ## - BIBLIOGRAPHY, ETC. NOTE | |
| Bibliography, etc. note | يشتمل على ارجاعات ببليوجرافية. |
| 505 ## - FORMATTED CONTENTS NOTE | |
| Formatted contents note | الجزء الأول.الكتابات الاولى، 1907-1918 |
| 541 ## - IMMEDIATE SOURCE OF ACQUISITION NOTE | |
| Source of acquisition | د. جابر عصفور ؛ |
| Address | القاهرة ؛ |
| Method of acquisition | إهداء ؛ |
| Date of acquisition | 2024. |
| 650 1# - SUBJECT ADDED ENTRY--TOPICAL TERM | |
| Topical term or geographic name entry element | الأدب العربي |
| General subdivision | تاريخ ونقد |
| Geographic subdivision | مصر |
| Source of heading or term | qrmak |
| 650 1# - SUBJECT ADDED ENTRY--TOPICAL TERM | |
| Topical term or geographic name entry element | المؤلفون العرب |
| Form subdivision | تراجم |
| Geographic subdivision | مصر |
| 651 1# - SUBJECT ADDED ENTRY--GEOGRAPHIC NAME | |
| Source of heading or term | qrmak |
| 700 1# - ADDED ENTRY--PERSONAL NAME | |
| Personal name | عرب، محمد صابر |
| 9 (RLIN) | 10837 |
| Relator term | مشرف. |
| 700 1# - ADDED ENTRY--PERSONAL NAME | |
| Personal name | سعيد، عبد المنعم محمد |
| 9 (RLIN) | 10838 |
| Relator term | مجمع. |
| 905 ## - Cataloger and Reviser Names | |
| Cataloger Name | Asmaa |
| 942 ## - ADDED ENTRY ELEMENTS (KOHA) | |
| Source of classification or shelving scheme | Dewey Decimal Classification |
| Koha item type | Books |
| Edition | 21 |
| Suppress in OPAC | No |
| Withdrawn status | Lost status | Source of classification or shelving scheme | Damaged status | Not for loan | Home library | Current library | Date acquired | Inventory number | Total checkouts | Full call number | Barcode | Date last seen | Price effective from | Koha item type |
|---|---|---|---|---|---|---|---|---|---|---|---|---|---|---|
| Dewey Decimal Classification | Not for loan | المكتبة المركزبة الجديدة - جامعة القاهرة | قاعة المكتبات المهداة - الدور الرابع | 08.06.2026 | 175504 | 810.9962 A655 J.U. | 01000100175504000 | 08.06.2026 | 08.06.2026 | Books |